• 首页
  • 本馆介绍
  • 公告通知
  • 最新文献
  • 馆藏检索
  • 电子资源
  • 读者导购
  • 参考咨询
  • 我的图书馆
  • 登录
  • 详细信息显示
  • 放入我的书架
  • 预约/预借图书
  • 作者相关作品
  • 分类相关作品
  • 丛书相关作品
  • 出版社相关作品

书目信息

  • 表格格式
  • 工作单格式
  • 卡片格式
题名:
微分几何
    
 
作者: 梅向明 , 黄敬之 编
分册:  
出版信息: 北京   高等教育出版社  2003
页数: 336页
开本: 20cm
丛书名:
单 册:
中图分类: O186.1
科图分类:
主题词: 微分几何--高等学校--教材
电子资源:
ISBN: 7-04-012945-0
000 00723nam0 2200253 45
001 0189014443
005 20070715103123.50
010    @a7-04-012945-0@dCNY16.50
100    @a19910304d2003 m y0chiy0120 ea
101 0  @achi
102    @aCN@b110000
105    @ay j 000yy
200 10 @a微分几何@Awei fen ji he@f梅向明,黄敬之编@Fmei xiang ming , huang jing zhi bian
205    @a3版
210    @a北京@c高等教育出版社@d2003
215    @a336页@d20cm
300    @a高等学校教材
540 1  @a微分几何@Awei fen ji he
606    @a微分几何@x高等学校@x教材
690    @aO186.1@v1980
701  0 @a梅向明@Amei xiang ming@4编
701  0 @a黄敬之@Ahuang jing zhi@4编
801  0 @aCN@bNLC@c20070715
905    @dO186.1@e12=3
    
    微分几何/梅向明,黄敬之编.-3版.-北京:高等教育出版社,2003
    336页;20cm
    高等学校教材
    
    ISBN 7-04-012945-0:CNY16.50
    
●
相关链接 在E读中查询图书 在五车中查询图书 在当当中查询图书 在豆瓣中查询图书


正题名:微分几何     索取号:O186.1/12=3         预约/预借

序号 登录号 条形码 馆藏地/架位号 状态 备注
1 0489254   204892544   密集书库/ [索取号:O186.1/12=3] 在馆    
2 0489255   204892553   密集书库/ [索取号:O186.1/12=3] 在馆    
3 0489256   204892562   密集书库/ [索取号:O186.1/12=3] 在馆    
4 0489257   204892571   密集书库/ [索取号:O186.1/12=3] 在馆    
5 0489258   204892580   密集书库/ [索取号:O186.1/12=3] 在馆    
6 0489259   204892599   密集书库/ [索取号:O186.1/12=3] 在馆    
7 0489260   204892606   密集书库/ [索取号:O186.1/12=3] 在馆    
8 0489261   204892615   密集书库/ [索取号:O186.1/12=3] 在馆    
9 0489262   204892624   密集书库/ [索取号:O186.1/12=3] 在馆    
10 0775710   207757104   密集书库/ [索取号:O186.1/12=3] 在馆    
11 0777732   207777324   密集书库/ [索取号:O186.1/12=3] 在馆    
12 0777733   207777333   密集书库/ [索取号:O186.1/12=3] 在馆    
13 0777841   207778412   密集书库/ [索取号:O186.1/12=3] 在馆    
14 0778394   207783941   密集书库/ [索取号:O186.1/12=3] 在馆    
唐山师范学院图书馆 欢迎您!
大连网信软件有限公司© 版权所有